5HLuxD.jpg

KING HENRY VIII SENIOR AND PRIMARY SCHOOL LIBRARY OPAC

The far side of the sun / (Record no. 3343)

000 -LEADER
fixed length control field 01949cam a2200349 i 4500
001 - CONTROL NUMBER
control field 18143888
003 - CONTROL NUMBER IDENTIFIER
control field OSt
005 - DATE AND TIME OF LATEST TRANSACTION
control field 20231120085930.0
008 - FIXED-LENGTH DATA ELEMENTS--GENERAL INFORMATION
fixed length control field 140508s2014 nyu 000 1 eng
010 ## - LIBRARY OF CONGRESS CONTROL NUMBER
LC control number 2014009050
020 ## - INTERNATIONAL STANDARD BOOK NUMBER
International Standard Book Number 9780425265093 (softcover)
040 ## - CATALOGING SOURCE
Original cataloging agency DLC
Language of cataloging eng
Transcribing agency DLC
Description conventions rda
Modifying agency DLC
-- KH8
042 ## - AUTHENTICATION CODE
Authentication code pcc
043 ## - GEOGRAPHIC AREA CODE
Geographic area code nwbf---
082 ## - DEWEY DECIMAL CLASSIFICATION NUMBER
Classification number FIC FUR
100 1# - MAIN ENTRY--PERSONAL NAME
Personal name Furnivall, Kate,
Relator term author.
245 14 - TITLE STATEMENT
Title The far side of the sun /
Statement of responsibility, etc. Kate Furnivall.
250 ## - EDITION STATEMENT
Edition statement Berkley Trade paperback edition.
264 #1 - PRODUCTION, PUBLICATION, DISTRIBUTION, MANUFACTURE, AND COPYRIGHT NOTICE
Place of production, publication, distribution, manufacture New York :
Name of producer, publisher, distributor, manufacturer Berkley Books,
Date of production, publication, distribution, manufacture, or copyright notice 2014.
300 ## - PHYSICAL DESCRIPTION
Extent 390 pages ;
Dimensions 22 cm
336 ## - CONTENT TYPE
Content type term text
Source rdacontent
337 ## - MEDIA TYPE
Media type term unmediated
Source rdamedia
338 ## - CARRIER TYPE
Carrier type term volume
Source rdacarrier
520 ## - SUMMARY, ETC.
Summary, etc. "The Bahamas, 1943. Hoping to escape her turbulent past, twenty-three-year-old Dodie Wyatt has fled to Nassau. But the world is at war, and one night the peaceful life she has created for herself is shattered when she discovers a man dying in an alleyway . . . Ella Stanford is married to a powerful diplomat who's been appointed to keep the Duke of Windsor far from his Nazi friends in Germany. And in this city now teeming with danger, Ella has her own secrets--ones that threaten to tear apart her safe and ordered life . . . When Ella's world collides with Dodie's, they find themselves caught in the spiral of violence and greed ripping through Nassau. But Dodie falls deeply in love with a mysterious American stranger on the island, and together they fight to uncover the truth behind the bloodshed while struggling to keep each other alive in this perilous new world . . . "--
Assigning source Provided by publisher.
650 #0 - SUBJECT ADDED ENTRY--TOPICAL TERM
Topical term or geographic name entry element Women
Form subdivision Fiction.
650 #0 - SUBJECT ADDED ENTRY--TOPICAL TERM
Topical term or geographic name entry element Diplomats' spouses
Form subdivision Fiction.
650 #0 - SUBJECT ADDED ENTRY--TOPICAL TERM
Topical term or geographic name entry element World War, 1939-1945
Geographic subdivision Bahamas
-- Nassau
Form subdivision Fiction.
650 #7 - SUBJECT ADDED ENTRY--TOPICAL TERM
Topical term or geographic name entry element FICTION / General.
Source of heading or term bisacsh
651 #0 - SUBJECT ADDED ENTRY--GEOGRAPHIC NAME
Geographic name Bahamas
Geographic subdivision Nassau
General subdivision Social life and customs
Chronological subdivision 20th century
Form subdivision Fiction.
655 #7 - INDEX TERM--GENRE/FORM
Genre/form data or focus term Love stories.
Source of term gsafd
942 ## - ADDED ENTRY ELEMENTS (KOHA)
Source of classification or shelving scheme
Koha item type Books - Fiction
Holdings
Withdrawn status Lost status Source of classification or shelving scheme Damaged status Not for loan Collection code Permanent Location Current Location Shelving location Date acquired Full call number Barcode Date last seen Price effective from Koha item type
          Fiction KH8 Senior School Library KH8 Senior School Library Fiction 2023-11-20 FIC FUR 3KHSL000101997 2024-07-16 2023-11-20 Books - Fiction

Powered By KH8 IT Dept